000 00361nam a2200145Ia 4500
005 20251222175939.0
008 251222s9999||||xx |||||||||||||| ||spa||
020 _a9786124081620
082 _a343.8/G49
100 _aGiribaldi Pajuelo, Giancarlo
245 0 _aPrincipales Reparos en el IGV
250 _a1ra.ed.
264 _bGaceta Jurídica
942 _cLIB
999 _c41302
_d41302